[Event "Capital"]
[Site "?"]
[Date "2015.09.15"]
[Round "8.7"]
[White "Mahdavirad, Mehdi"]
[Black "Kanzi, Hesamodin"]
[Result "1-0"]
[BlackElo "1992"]
[WhiteElo "2271"]
[LiveChessVersion "1.4.6"]

1. e4 {[%clk 1:30:55]} e5 {[%clk 1:30:50]} 2. Nf3 {[%clk 1:31:19]} Nc6
{[%clk 1:31:15]} 3. Bb5 {[%clk 1:31:15]} a6 {[%clk 1:31:36]} 4. Bxc6 dxc6
{[%clk 1:31:57]} 5. O-O {[%clk 1:28:13]} Be7 {[%clk 1:27:55]} 6. d3
{[%clk 1:22:27]} Bf6 7. Nbd2 {[%clk 1:17:06]} Ne7 {[%clk 1:27:04]} 8. d4
{[%clk 1:12:18]} Ng6 {[%clk 1:25:30]} 9. dxe5 {[%clk 1:12:03]} Nxe5
{[%clk 1:24:56]} 10. Nxe5 {[%clk 1:12:31]} Bxe5 {[%clk 1:25:16]} 11. Qh5
{[%clk 1:10:43]} Bf6 {[%clk 1:13:32]} 12. e5 {[%clk 1:04:54]} Be7
{[%clk 1:02:21]} 13. Ne4 {[%clk 1:01:21]} Qd7 {[%clk 0:51:13]} 14. Qe2
{[%clk 0:32:28]} Qf5 {[%clk 0:38:02]} 15. f4 {[%clk 0:29:31]} Qg6
{[%clk 0:32:23]} 16. Ng3 {[%clk 0:20:35]} Bg4 {[%clk 0:25:37]} 17. Qf2
{[%clk 0:18:59]} Bf5 {[%clk 0:23:38]} 18. Nxf5 {[%clk 0:15:20]} Qxf5
{[%clk 0:24:05]} 19. Be3 {[%clk 0:10:25]} O-O-O {[%clk 0:20:59]} 20. Rad1
{[%clk 0:07:50]} h5 {[%clk 0:18:00]} 21. Bc5 {[%clk 0:06:31]} Rxd1
{[%clk 0:12:13]} 22. Rxd1 {[%clk 0:07:00]} Rd8 {[%clk 0:12:03]} 23. Rxd8+
{[%clk 0:06:41]} Bxd8 {[%clk 0:12:31]} 24. Be3 {[%clk 0:05:17]} g6
{[%clk 0:11:23]} 25. Qe2 {[%clk 0:04:59]} Qe6 {[%clk 0:09:04]} 26. b3
{[%clk 0:05:12]} Be7 {[%clk 0:09:15]} 27. h3 {[%clk 0:04:44]} Qf5
{[%clk 0:07:56]} 28. Kf2 {[%clk 0:03:22]} Bh4+ {[%clk 0:05:23]} 29. Kf3
{[%clk 0:03:02]} Qe6 {[%clk 0:05:28]} 30. Qd3 {[%clk 0:02:33]} Qd5+
{[%clk 0:05:09]} 31. Qxd5 {[%clk 0:03:01]} cxd5 {[%clk 0:05:33]} 32. g4
{[%clk 0:02:30]} f5 {[%clk 0:02:23]} 33. exf6 {[%clk 0:01:39]} Bxf6
{[%clk 0:02:51]} 34. g5 {[%clk 0:00:49]} Bg7 {[%clk 0:02:10]} 35. f5
{[%clk 0:01:18]} Kd7 {[%clk 0:01:20]} 36. Kg3 {[%clk 0:00:43]} gxf5
{[%clk 0:01:07]} 37. Kh4 {[%clk 0:01:05]} Ke6 {[%clk 0:01:21]} 38. Kxh5
{[%clk 0:01:30]} Kf7 {[%clk 0:01:31]} 39. g6+ {[%clk 0:01:31]} Ke6
{[%clk 0:00:37]} 40. Kg5 {[%clk 0:00:35]} Ke5 {[%clk 0:00:52]} 41. c3
{[%clk 0:00:33]} 1-0

[Event "Capital"]
[Site "?"]
[Date "2015.09.15"]
[Round "8.8"]
[White "Fendereski, Nima"]
[Black "Abed, Meisam"]
[Result "1-0"]
[BlackElo "1990"]
[WhiteElo "2242"]
[LiveChessVersion "1.4.6"]

1. e4 {[%clk 1:30:57]} e5 {[%clk 1:29:44]} 2. Nf3 {[%clk 1:31:20]} Nc6
{[%clk 1:30:07]} 3. Bb5 {[%clk 1:31:45]} a6 {[%clk 1:30:19]} 4. Ba4
{[%clk 1:32:06]} Nf6 {[%clk 1:30:38]} 5. Qe2 {[%clk 1:31:44]} b5 {[%clk 1:30:23]}
6. Bb3 {[%clk 1:32:13]} Bc5 {[%clk 1:30:42]} 7. O-O {[%clk 1:32:19]} O-O
{[%clk 1:29:49]} 8. c3 {[%clk 1:31:45]} d6 {[%clk 1:28:57]} 9. a4
{[%clk 1:29:49]} Bb7 10. Rd1 {[%clk 1:24:14]} Re8 {[%clk 1:13:21]} 11. h3
{[%clk 1:20:19]} Bb6 {[%clk 1:05:42]} 12. d3 {[%clk 1:18:30]} Ne7
{[%clk 0:57:19]} 13. Nh4 {[%clk 1:11:49]} d5 {[%clk 0:46:44]} 14. Bg5
{[%clk 1:04:32]} Qd6 {[%clk 0:47:00]} 15. Na3 {[%clk 0:45:05]} h6
{[%clk 0:43:49]} 16. Bc1 {[%clk 0:43:00]} dxe4 {[%clk 0:35:21]} 17. dxe4
{[%clk 0:33:46]} Qc6 {[%clk 0:35:14]} 18. Nf3 {[%clk 0:31:20]} Ng6
{[%clk 0:21:48]} 19. Bd5 {[%clk 0:25:17]} Nxd5 {[%clk 0:22:11]} 20. exd5
{[%clk 0:25:34]} Qf6 {[%clk 0:21:15]} 21. Qe4 {[%clk 0:21:21]} c6
{[%clk 0:17:49]} 22. d6 {[%clk 0:21:26]} Red8 {[%clk 0:15:35]} 23. Be3
{[%clk 0:16:43]} Bxe3 {[%clk 0:15:58]} 24. fxe3 {[%clk 0:17:08]} Rd7
{[%clk 0:12:27]} 25. Rf1 {[%clk 0:08:04]} Qxd6 {[%clk 0:11:11]} 26. Rad1
{[%clk 0:07:27]} Qxd1 {[%clk 0:08:42]} 27. Rxd1 {[%clk 0:07:55]} Rxd1+
{[%clk 0:09:04]} 28. Kh2 {[%clk 0:08:21]} Rd7 {[%clk 0:09:15]} 29. h4
{[%clk 0:07:55]} Re8 {[%clk 0:08:36]} 30. h5 {[%clk 0:05:58]} Nf8
{[%clk 0:08:54]} 31. Qg4 {[%clk 0:06:08]} Rd5 {[%clk 0:06:51]} 32. e4
{[%clk 0:05:30]} Rd3 {[%clk 0:06:50]} 33. Nc2 {[%clk 0:04:12]} c5
{[%clk 0:07:01]} 34. Nh4 {[%clk 0:03:45]} Ne6 {[%clk 0:06:35]} 35. Nf3
{[%clk 0:03:52]} Nf8 {[%clk 0:05:49]} 36. Nh4 {[%clk 0:03:22]} Nh7
{[%clk 0:06:10]} 37. Nf5 {[%clk 0:03:08]} Ng5 {[%clk 0:06:32]} 38. Ne1
{[%clk 0:03:35]} Rd2 {[%clk 0:04:20]} 39. Nf3 {[%clk 0:03:11]} Nxf3+
{[%clk 0:04:44]} 40. Qxf3 {[%clk 0:03:37]} Bc8 {[%clk 0:04:21]} 41. Qe3
{[%clk 0:03:13]} Rdd8 {[%clk 0:04:28]} 42. Ng3 {[%clk 0:03:02]} c4
{[%clk 0:03:14]} 43. axb5 {[%clk 0:01:51]} axb5 {[%clk 0:03:39]} 44. Qb6
{[%clk 0:02:09]} Bd7 {[%clk 0:03:43]} 45. Qb7 {[%clk 0:02:37]} Kf8
{[%clk 0:03:05]} 46. Nf1 {[%clk 0:02:29]} Re7 {[%clk 0:02:33]} 47. Ne3
{[%clk 0:02:31]} Be8 {[%clk 0:01:33]} 48. Qb6 {[%clk 0:02:51]} Rc8
{[%clk 0:00:59]} 49. Qd6 {[%clk 0:02:30]} Rc6 {[%clk 0:00:52]} 50. Qb4
{[%clk 0:02:50]} Rcc7 {[%clk 0:00:35]} 51. Nd5 {[%clk 0:01:34]} Rb7
{[%clk 0:00:53]} 52. Qd6 {[%clk 0:01:20]} Rbd7 {[%clk 0:00:44]} 53. Qc5
{[%clk 0:01:25]} Rxd5 {[%clk 0:00:34]} 54. exd5 {[%clk 0:01:19]} f6
{[%clk 0:00:39]} 55. d6 {[%clk 0:01:25]} Rd7 {[%clk 0:01:08]} 56. Qxb5
{[%clk 0:01:33]} Rxd6 {[%clk 0:01:28]} 57. Qc5 {[%clk 0:01:49]} Ke7
{[%clk 0:01:51]} 58. Qxc4 {[%clk 0:02:10]} Bxh5 {[%clk 0:01:05]} 59. b4
{[%clk 0:02:18]} Be8 {[%clk 0:00:50]} 60. b5 {[%clk 0:01:38]} Bd7
{[%clk 0:00:43]} 61. Qc7 {[%clk 0:00:51]} e4 {[%clk 0:00:35]} 62. b6
{[%clk 0:00:48]} Rc6 {[%clk 0:01:03]} 63. Qa7 {[%clk 0:01:10]} e3
{[%clk 0:00:58]} 64. Kg3 {[%clk 0:00:40]} Rxc3 {[%clk 0:00:34]} 65. b7
{[%clk 0:00:40]} Rb3 {[%clk 0:00:32]} 66. b8=Q {[%clk 0:00:48]} e2+ 1-0

[Event "Capital"]
[Site "?"]
[Date "2015.09.15"]
[Round "8.9"]
[White "Razaghi, Behrooz"]
[Black "Hakemi, Arman"]
[Result "1-0"]
[BlackElo "1948"]
[WhiteElo "2221"]
[LiveChessVersion "1.4.6"]

1. e4 {[%clk 1:30:58]} e6 {[%clk 1:30:53]} 2. d4 {[%clk 1:31:23]} d5
{[%clk 1:31:11]} 3. Nc3 {[%clk 1:31:49]} Bb4 {[%clk 1:31:34]} 4. e5
{[%clk 1:32:15]} Ne7 {[%clk 1:31:54]} 5. a3 {[%clk 1:32:04]} Bxc3+ 6. bxc3
{[%clk 1:32:29]} O-O {[%clk 1:31:52]} 7. Qg4 {[%clk 1:28:47]} c5 {[%clk 1:27:46]}
8. Bd3 {[%clk 1:28:49]} c4 {[%clk 1:28:01]} 9. Bh6 {[%clk 1:29:08]} Ng6
{[%clk 1:28:10]} 10. Bxg6 {[%clk 1:29:52]} fxg6 {[%clk 1:27:55]} 11. Be3 Qa5
{[%clk 1:18:49]} 12. Kd2 {[%clk 1:29:25]} Qc7 {[%clk 1:08:17]} 13. Nf3
{[%clk 1:24:16]} Qf7 {[%clk 0:56:21]} 14. Ng5 {[%clk 1:23:18]} Qe7
{[%clk 0:55:36]} 15. h4 {[%clk 1:20:58]} h6 {[%clk 0:29:32]} 16. h5
{[%clk 1:14:42]} Rf5 {[%clk 0:29:18]} 17. hxg6 {[%clk 1:12:20]} Bd7
{[%clk 0:23:15]} 18. Nf7 {[%clk 1:10:54]} 1-0

[Event "Capital"]
[Site "?"]
[Date "2015.09.15"]
[Round "8.10"]
[White "Ghaziolsharif, Kaveh"]
[Black "Zomorrodian, Eilia"]
[Result "1-0"]
[BlackElo "1917"]
[WhiteElo "2186"]
[LiveChessVersion "1.4.6"]

1. Nf3 Nf6 2. g3 g6 3. Bg2 Bg7 4. O-O O-O 5. d3 d6 6. c3 Nc6 7. Nbd2 e5 8. e4 h6
9. Re1 Be6 10. Qc2 d5 11. b4 a6 12. Bb2 Qd7 13. a4 dxe4 14. dxe4 b5 15. Bf1 Rab8
16. Nb3 Bxb3 17. Qxb3 Qg4 18. Nd2 Qd7 19. Qc2 Nd8 20. Nf3 Nh7 21. c4 bxc4 22.
Qxc4 Re8 23. Red1 Qe7 24. Bc3 Rb6 25. Rd5 Ng5 26. Nxg5 hxg5 27. Rad1 Rc6 28. Qb3
Qf6 29. Qb2 Kh7 30. Be2 Nb7 31. b5 axb5 32. Bxb5 Rb6 33. a5 c6 34. axb6 1-0